00273nam a2200109Ia 4500008004100000041000800041100002000049245002400069260004700093300000800140650001500148240109s9999 xx 000 0 und d aeng aBrown Dennis E. aRFID Implementation bTata Mccraow Hill Pub. Co. Lim. New Delhi  a473 aManagement